| 000 | 03541cam a2200397 a 4500 | ||
|---|---|---|---|
| 999 |
_c3899 _d3899 |
||
| 001 | 15369141 | ||
| 003 | Nust | ||
| 005 | 20180117090019.0 | ||
| 008 | 080716s2008 enka b 101 0 eng d | ||
| 010 | _a 2008275086 | ||
| 015 |
_aGBA771424 _2bnb |
||
| 016 | 7 |
_a013834337 _2UK |
|
| 020 | _a9781842778920 (cased) | ||
| 020 | _a1842778927 (cased) | ||
| 020 | _a1842778935 (pbk.) | ||
| 020 | _a9781842778937 (pbk.) | ||
| 035 | _a(OCoLC)ocn170039373 | ||
| 040 |
_aUKM _cUKM _dYDXCP _dBTCTA _dBWKUK _dBAKER _dJ2H _dOCLCG _dDLC |
||
| 042 |
_aukblsr _alccopycat |
||
| 050 | 0 | 0 |
_aJZ4841 _b.C36 2008 |
| 082 | 0 | 4 |
_a338.91 _222 |
| 245 | 0 | 0 |
_aCan NGOs make a difference? : _bthe challenge of development alternatives / _cedited by Anthony Bebbington, Sam Hickey and Diana Mitlin. |
| 260 |
_aLondon ; _aNew York : _bZed Books, _c2008. |
||
| 300 |
_ax, 358 p. : _bill. ; _c24 cm. |
||
| 504 | _aIncludes bibliographical references and index. | ||
| 505 | 0 | _aIntroduction : can NGOs make a difference? The challenge of development alternatives / Anthony J. Bebbington, Samuel Hickey and Diana C. Mitlin -- Have NGOs 'made a difference?' From Manchester to Birmingham with an elephant in the room / Michael Edwards -- Challenges to participation, citizenship and democracy : perverse confluence and displacement of meanings / Evelina Dagnino -- Learning from Latin America : recent trends in European NGO policymaking / Kees Biekart -- Whatever happened to reciprocity? Implications of donor emphasis on 'voice' and 'impact' as rationales for working with NGOs in development / Alan Thomas -- Development and the new security agenda : w(h)ither(ing) NGO alternatives? / Alan Fowler -- How civil society organizations use evidence to influence policy processes / Amy Pollard and Julius Court -- Civil society participation as the focus of northern NGO support : the case of Dutch co-financing agencies / Irene Guijt -- Producing knowledge, generating alternatives? Challenges to research-oriented NGOs in Central America and Mexico / Cynthia Bazán ... [et al] -- Anxieties and affirmations : NGO-donor partnerships for social transformation 196 / Mary Racelis -- Reinventing international NGOs : a view from the Dutch co-financing system / Harry Derksen and Pim Verhallen -- Transforming or conforming? NGOs training health promoters and the dominant paradigm of the development industry in Bolivia / Katie S. Bristow -- Political entrepreneurs or development agents : an NGO's tale of resistance and acquiescence in Madhya Pradesh, India / Vasudha Chhotray -- Is this really the end of the road for gender mainstreaming? Getting to grips with gender and institutional change / Nicholas Piálek -- The ambivalent cosmopolitanism of international NGOs / Helen Yanacopulos and Matt Baillie Smith -- Development as reform and counter-reform : paths travelled by Slum/Shack Dwellers International / Joel Bolnick -- Reflections on NGOs and development : the elephant, the dinosaur, several tigers but no owl / David Hulme. | |
| 650 | 0 |
_aNon-governmental organizations _xEvaluation _vCongresses. |
|
| 653 | 1 | _aNGO | |
| 700 | 1 |
_aBebbington, Anthony, _d1962- |
|
| 700 | 1 |
_aHickey, Samuel, _d1972- |
|
| 700 | 1 | _aMitlin, Diana. | |
| 906 |
_a7 _bcbc _ccopycat _d2 _encip _f20 _gy-gencatlg |
||
| 942 |
_2ddc _cBK |
||